00561 2200205 4500001002100000005001500021035002000036007000300056008004100059082001800100084002400118245002100142260004900163300002900212650001400241650001100255110003100266856003400297990002400331INLIS00000000000806520260303081623 a0010-0326000010ta260303 0 ind  a631.52:575.22 a631.52:575.22 BAD p1 aPemuliaan Mutasi aJakarta :bBadan Tenega Atom Nasional,c1972 a146p. :bIlus ;c23.5 cm 4aPemuliaan 4aMutasi0 aBadan Tenega Atom Nasional aPerpustakaan BBRMP Jawa Timur a200/2026/BBRMPJATIM